00708nam a22002052 450000100060000000300080000600500170001400800410003103500510007204000370012304100110016008200180017110000220018924501220021126000340033330000440036760000340041165100120044570000450045719569BD-RjUL20211209000441.0140225s1939 enkcf 000 0beng  a(BD-RjUL)19629aOCLC ocm03127683 from D970206M aDLCcAZUdAZUdEQOdBD-RjULbeng1 aengfre00a956bTOA 19391 aTongas, Gérard.10aAtatürk and the true nature of modern Turkey /cby Gérard Tongas. Translated from the French by Major F. F. Rynd. aLondon :bLuzac & Co.,c1939. a79 p. :bfront. (port.) plates.c20 cm.10aAtatürk, Kemal,d1881-1938. 0aTurkey.1 aRynd, F. F.q(Francis Fleetwood),d1877-